Statistics for Top 25 Most Influential Cities Of The Past 100 Years

Click here to take the quiz!

General Stats

  • This quiz has been taken 1,038 times
  • The average score is 17 of 25

Answer Stats

HintAnswer% Correct
IV.London
98%
VI.Paris
97%
VII.New York
96%
V.Tokyo
95%
I.Berlin
93%
III.Moscow
93%
VIII.Beijing
91%
IX.Rome
91%
XII.Los Angeles
86%
II.Washington D.C
75%
XXI.Shanghai
74%
XI.New Delhi
73%
XXIV.Cairo
71%
XXV.Istanbul
71%
XXII.Sydney
71%
XIX.Chicago
68%
XVI.Hong Kong
65%
XVII.Mumbai
59%
XX.Vienna
55%
XIII.Singapore
54%
XIV.Warsaw
49%
XVIII.Taipei
27%
XXIII.Rio de Janeiro
26%
X.Hiroshima/Nagasaki
13%
XV.Sarajevo
11%

Score Distribution

Percentile by Number Answered

Percent of People with Each Score

Your Score History

You have not taken this quiz